Statistics for U.S. Baby Boy Names by Year Quiz

Click here to take the quiz!

General Stats

  • This quiz has been taken 225,658 times
    (119,587 since last reset)
  • The average score is 35 of 71

Answer Stats

# YearsName% Correct
2Jack
96%
1Jonathan
96%
10John
96%
12James
84%
12William
82%
1Billy
82%
1Willie
82%
8Michael
79%
3Alexander
79%
2Albert
79%
7Thomas
74%
9Robert
74%
5George
72%
10David
69%
5Matthew
67%
1Harry
64%
3Harold
64%
12Joseph
63%
6Paul
63%
6Richard
62%
2Mark
62%
7Daniel
61%
3Steven
61%
5Christopher
61%
1Stephen
61%
4Andrew
60%
1Lucas
58%
4Jacob
57%
6Charles
56%
1Benjamin
56%
2Henry
54%
4Frank
54%
5Donald
52%
4Edward
51%
3Timothy
48%
3Nicholas
47%
4Joshua
45%
2Ronald
44%
2Kevin
44%
3Anthony
43%
1Liam
41%
3Brian
41%
3Ryan
41%
1Zachary
39%
1Oliver
39%
2Noah
38%
2Jason
37%
2Ethan
35%
2Eric
35%
3Justin
35%
2Jeffrey
33%
4Kenneth
32%
1Tyler
30%
1Kyle
29%
1Jackson
29%
2Gary
28%
1Scott
27%
2Larry
27%
2Elijah
27%
2Arthur
26%
2Brandon
26%
1Jeremy
25%
2Aiden
24%
3Walter
23%
2Mason
23%
1Jerry
22%
3Raymond
21%
2Logan
21%
1Dennis
19%
1Jayden
19%
1Clarence
11%

Score Distribution

Percentile by Number Answered

Percent of People with Each Score

Your Score History

You have not taken this quiz since the last reset